00644nam a2200109Ia 4500008004100000245005200041300027600093650001100369856006300380999001900443952007200462170517s9999 xx 000 0 und d aHollywood and The Pentagon: A Dangerous Liaison aThe American Army's intrusion in Hollywood war films may surprise some. In fact, the U.S. Army secret services have had close ties with American filmmakers for several decades. The movie Top Gun, for instance, was filmed with the support and approval of the U.S. Army.... xMedia. uhttp://topdocumentaryfilms.com/hollywood-and-the-pentagon/ c333532d333532 001040aCLbCLd2017-05-17l0r2017-05-17 00:00:00w2017-05-17yDF